000 00251nam a2200109Ia 4500
008 240625s9999 xx 000 0 und d
041 _aeng
082 _a005.7565 GRO
100 _aGROH MICHAEL
245 _aMICROSOFT ACCESS 2007 BIBLE
260 _c2009
999 _c34638
_d34638